Zero quality control : Source inspection and the poka-yoke system
Đã lưu trong:
| 主要作者: | |
|---|---|
| 格式: | 圖書 |
| 語言: | Undetermined |
| 出版: |
England
Productivity Press
1986
|
| 主題: | |
| 標簽: |
添加標簽
沒有標簽, 成為第一個標記此記錄!
|
| Thư viện lưu trữ: | Trung tâm Học liệu Trường Đại học Cần Thơ |
|---|
| LEADER | 00526nam a2200193Ia 4500 | ||
|---|---|---|---|
| 001 | CTU_88588 | ||
| 008 | 210402s9999 xx 000 0 und d | ||
| 082 | |a 658.5 | ||
| 082 | |b S556 | ||
| 100 | |a Shingo, Shigeo | ||
| 245 | 0 | |a Zero quality control : | |
| 245 | 0 | |b Source inspection and the poka-yoke system | |
| 245 | 0 | |c Shigeo Shingo | |
| 260 | |a England | ||
| 260 | |b Productivity Press | ||
| 260 | |c 1986 | ||
| 650 | |a Quality control | ||
| 904 | |i Giang,Hải | ||
| 980 | |a Trung tâm Học liệu Trường Đại học Cần Thơ | ||